[Event "Gibraltar ChallWk2 9th"]
[Site "Gibraltar"]
[Date "2011.01.30"]
[Round "2.16"]
[White "Marder, Simon"]
[Black "Daoudi, Kamal"]
[Result "0-1"]
[WhiteElo "1990"]
[BlackElo "2155"]
[PlyCount "42"]
[EventDate "2011.01.29"]
[EventType "swiss"]
[EventRounds "5"]
[EventCountry "GGB"]
[SourceTitle "BritBase"]
[Source "www.saund.co.uk"]
[SourceDate "2018.02.10"]
[SourceVersion "1"]
[SourceVersionDate "2018.02.10"]
[SourceQuality "1"]

1. d4 Nf6 2. Bg5 d5 3. Nc3 e6 4. e4 Be7 5. Bxf6 Bxf6 6. e5 Be7 7. Qg4 O-O 8.
Bd3 c5 9. Qh3 g6 10. dxc5 Nd7 11. f4 Qa5 12. O-O-O Nxc5 13. g4 d4 14. Ne4 Nxe4
15. Bxe4 Qxa2 16. Nf3 Bb4 17. Nd2 Bc3 18. bxc3 Qa3+ 19. Kb1 dxc3 20. Nc4 Qb4+
21. Ka1 Qxc4 0-1

[Event "Gibraltar ChallWk2 9th"]
[Site "Gibraltar"]
[Date "2011.01.30"]
[Round "2.18"]
[White "Helin, Mikael"]
[Black "Heppell, Ian N"]
[Result "0-1"]
[WhiteElo "1914"]
[BlackElo "2122"]
[PlyCount "88"]
[EventDate "2011.01.29"]
[EventType "swiss"]
[EventRounds "5"]
[EventCountry "GGB"]
[SourceTitle "BritBase"]
[Source "www.saund.co.uk"]
[SourceDate "2018.02.10"]
[SourceVersion "1"]
[SourceVersionDate "2018.02.10"]
[SourceQuality "1"]

1. e4 e5 2. Nc3 Nf6 3. Bc4 Nc6 4. f4 Nxe4 5. Nf3 Nd6 6. Bb3 e4 7. Ng5 Be7 8.
Ncxe4 Nxe4 9. Bxf7+ Kf8 10. Qh5 Bxg5 11. fxg5 Qxg5 12. O-O Qxh5 13. Bxh5+ Nf6
14. d4 Kg8 15. Rxf6 gxf6 16. d5 Ne5 17. d6 b6 18. Bh6 Ba6 19. Re1 cxd6 20. Re3
Bc4 21. Rg3+ Ng6 22. Rf3 Re8 23. Bd2 Re5 24. g4 Kg7 25. Bc3 Rhe8 26. h4 Nxh4
27. Rxf6 Kxf6 28. Bxe8 Ke7 29. Bxe5 Nf3+ 30. Kf2 Nxe5 31. Bh5 Bxa2 32. g5 Bf7
33. Be2 Bg6 34. Bd1 Nf7 35. Ke3 Nxg5 36. Kd4 Ne6+ 37. Kc4 Nc7 38. b4 d5+ 39.
Kd4 Kd6 40. Kc3 Ke5 41. Be2 h5 42. b5 h4 43. Kb3 h3 44. c4 dxc4+ 0-1

[Event "Gibraltar ChallWk2 9th"]
[Site "Gibraltar"]
[Date "2011.01.30"]
[Round "2.20"]
[White "Navarrete Espi, Samuel"]
[Black "Salomon, Johan"]
[Result "1-0"]
[WhiteElo "2095"]
[BlackElo "1836"]
[PlyCount "53"]
[EventDate "2011.01.29"]
[EventType "swiss"]
[EventRounds "5"]
[EventCountry "GGB"]
[SourceTitle "BritBase"]
[Source "www.saund.co.uk"]
[SourceDate "2018.02.10"]
[SourceVersion "1"]
[SourceVersionDate "2018.02.10"]
[SourceQuality "1"]

1. e4 c5 2. Nf3 d6 3. d4 cxd4 4. Nxd4 Nf6 5. Nc3 a6 6. Be3 e5 7. Nb3 Be6 8. f3
Be7 9. Qd2 O-O 10. O-O-O Nbd7 11. g4 b5 12. Rg1 Nb6 13. g5 Nh5 14. Nd5 Bxd5 15.
exd5 Qc7 16. f4 Nc4 17. Bxc4 bxc4 18. Na5 Nxf4 19. Bxf4 exf4 20. Nc6 f6 21. Qe2
Rae8 22. Qe6+ Rf7 23. gxf6 Bxf6 24. Qxe8+ Rf8 25. Qe6+ Kh8 26. c3 f3 27. Rgf1
1-0

[Event "Gibraltar ChallWk2 9th"]
[Site "Gibraltar"]
[Date "2011.01.30"]
[Round "2.23"]
[White "Osuna Vega, Enrique"]
[Black "Gravett, Alan D"]
[Result "1-0"]
[WhiteElo "2140"]
[BlackElo "1869"]
[PlyCount "87"]
[EventDate "2011.01.29"]
[EventType "swiss"]
[EventRounds "5"]
[EventCountry "GGB"]
[SourceTitle "BritBase"]
[Source "www.saund.co.uk"]
[SourceDate "2018.02.10"]
[SourceVersion "1"]
[SourceVersionDate "2018.02.10"]
[SourceQuality "1"]

1. d4 Nf6 2. c4 d6 3. Nc3 e5 4. dxe5 dxe5 5. Qxd8+ Kxd8 6. Bg5 c6 7. Nf3 Nbd7
8. a3 a5 9. e3 Kc7 10. Be2 Ne8 11. O-O f6 12. Bh4 a4 13. Nd2 Nc5 14. Bg3 Be6
15. Nce4 Nxe4 16. Nxe4 Nd6 17. Nxd6 Bxd6 18. Rfd1 Rhd8 19. Kf1 Bf5 20. Bd3
Bxd3+ 21. Rxd3 Bc5 22. Rad1 Rxd3 23. Rxd3 Rd8 24. Ke2 Rxd3 25. Kxd3 Kd6 26. f3
f5 27. Be1 g6 28. Bc3 Ke6 29. g3 g5 30. h3 h5 31. e4 f4 32. g4 hxg4 33. hxg4 b6
34. Kc2 Kd6 35. b3 axb3+ 36. Kxb3 Ke6 37. a4 Be7 38. a5 bxa5 39. Bxa5 Kd6 40.
Bb4+ Kd7 41. Ba5 Bd8 42. Ka4 Bxa5 43. Kxa5 Kd6 44. Kb6 1-0

[Event "Gibraltar ChallWk2 9th"]
[Site "Gibraltar"]
[Date "2011.01.30"]
[Round "2.24"]
[White "Lada, Ireneusz"]
[Black "Wright, Jonathan"]
[Result "0-1"]
[WhiteElo "2130"]
[BlackElo "1895"]
[PlyCount "95"]
[EventDate "2011.01.29"]
[EventType "swiss"]
[EventRounds "5"]
[EventCountry "GGB"]
[SourceTitle "BritBase"]
[Source "www.saund.co.uk"]
[SourceDate "2018.02.10"]
[SourceVersion "1"]
[SourceVersionDate "2018.02.10"]
[SourceQuality "1"]

1. c4 Nf6 2. Nc3 g6 3. Nf3 Bg7 4. g3 O-O 5. Bg2 d6 6. O-O e5 7. d3 Nbd7 8. Ne1
Nh5 9. e4 c6 10. Nc2 Qe8 11. Ne3 f5 12. exf5 gxf5 13. Bf3 Ndf6 14. Ng2 Be6 15.
Re1 Bf7 16. Nh4 Qd7 17. b4 Rae8 18. Be3 f4 19. Bd2 Bh6 20. Ne4 Nxe4 21. dxe4
Ng7 22. Rc1 Be6 23. Rc2 Qf7 24. Bc1 Rd8 25. Qe2 Bg5 26. Ng2 Rd7 27. gxf4 exf4
28. Bb2 Bh3 29. Kh1 Qe6 30. Rg1 h6 31. Ne1 Re8 32. Nd3 Rde7 33. b5 d5 34. cxd5
cxd5 35. Nc5 Qg6 36. e5 Rd8 37. Rd2 d4 38. Rxd4 Rxd4 39. Bxd4 Nf5 40. Ba1 Nh4
41. Bd5+ Kh7 42. f3 Rc7 43. Na4 Bg2+ 44. Rxg2 Nxg2 45. Nc3 Nh4 46. Be4 Qxe4 47.
Qxe4+ Kg7 48. Ne2 {The remainder of the scoresheet is shrouded in scribble.}
0-1

[Event "Gibraltar ChallWk2 9th"]
[Site "Gibraltar"]
[Date "2011.01.30"]
[Round "2.25"]
[White "Heaton, Paul"]
[Black "Jorgensen, Line Jin"]
[Result "1-0"]
[WhiteElo "2027"]
[BlackElo "1892"]
[PlyCount "115"]
[EventDate "2011.01.29"]
[EventType "swiss"]
[EventRounds "5"]
[EventCountry "GGB"]
[SourceTitle "BritBase"]
[Source "www.saund.co.uk"]
[SourceDate "2018.02.10"]
[SourceVersion "1"]
[SourceVersionDate "2018.02.10"]
[SourceQuality "1"]

1. c4 e5 2. g3 Nf6 3. Nc3 Nc6 4. Bg2 Bc5 5. Nf3 a6 6. d3 d6 7. O-O O-O 8. a3
Rb8 9. b4 Ba7 10. Bg5 h6 11. Bh4 Bf5 12. Nd5 Nd4 13. Nxf6+ gxf6 14. Nd2 Bg4 15.
Bf3 Bxf3 16. Nxf3 Nf5 17. e4 Nxh4 18. Nxh4 Kh7 19. Qh5 Rg8 20. Qxf7+ Rg7 21.
Qe6 Qf8 22. Kh1 Re8 23. Qf5+ Kg8 24. f4 Bd4 25. Ra2 Qf7 26. Rc2 Kh8 27. Nf3 Be3
28. Qh3 Qg6 29. f5 Qh7 30. Nh4 c5 31. Re2 Bd4 32. Ng6+ Kg8 33. Qh4 Kf7 34. Qh5
Kg8 35. Nf4 Ree7 36. Ne6 Rg5 37. Nxg5 hxg5 38. Qxh7+ Rxh7 39. Kg2 b6 40. Rb1
Kf8 41. b5 a5 42. Kf3 Kg7 43. Rh1 Kf7 44. h4 Rg7 45. hxg5 Rxg5 46. Rh7+ Rg7 47.
Reh2 Bc3 48. Rxg7+ Kxg7 49. Kg4 Bd4 50. Re2 Bc3 51. Kh5 Bd4 52. g4 Bg1 53. g5
Kf7 54. g6+ Kg7 55. a4 Bd4 56. Kg4 Bg1 57. Kf3 d5 58. exd5 1-0

[Event "Gibraltar ChallWk2 9th"]
[Site "Gibraltar"]
[Date "2011.01.30"]
[Round "2.26"]
[White "Lochte, Szilvia"]
[Black "Livesey, R Nigel"]
[Result "1-0"]
[WhiteElo "2015"]
[BlackElo "1880"]
[PlyCount "55"]
[EventDate "2011.01.29"]
[EventType "swiss"]
[EventRounds "5"]
[EventCountry "GGB"]
[SourceTitle "BritBase"]
[Source "www.saund.co.uk"]
[SourceDate "2018.02.10"]
[SourceVersion "1"]
[SourceVersionDate "2018.02.10"]
[SourceQuality "1"]

1. e4 Nf6 2. Nc3 e5 3. Nf3 Nc6 4. Bc4 Be7 5. d4 exd4 6. Nxd4 O-O 7. O-O Ne5 8.
Bb3 d6 9. h3 Bd7 10. f4 Nc6 11. Be3 Nxd4 12. Bxd4 Bc6 13. Qe2 b5 14. Rae1 a6
15. a3 Re8 16. Qf2 Rf8 17. g4 Nd7 18. g5 Nc5 19. Ba2 Ne6 20. Be3 Qd7 21. Qg3
Kh8 22. f5 Nc5 23. Qh4 Nxe4 24. Nxe4 Bxe4 25. Qxe4 Rfe8 26. Qh4 d5 27. Bd4 Qc6
28. f6 1-0

[Event "Gibraltar ChallWk2 9th"]
[Site "Gibraltar"]
[Date "2011.01.30"]
[Round "2.27"]
[White "Isherwood, Paul"]
[Black "Mielke, Torsten"]
[Result "1-0"]
[WhiteElo "2014"]
[BlackElo "1875"]
[PlyCount "75"]
[EventDate "2011.01.29"]
[EventType "swiss"]
[EventRounds "5"]
[EventCountry "GGB"]
[SourceTitle "BritBase"]
[Source "www.saund.co.uk"]
[SourceDate "2018.02.10"]
[SourceVersion "1"]
[SourceVersionDate "2018.02.10"]
[SourceQuality "1"]

1. e4 e5 2. Bc4 Bc5 3. Nf3 Nc6 4. c3 d6 5. d4 exd4 6. cxd4 Bb4+ 7. Nc3 Nf6 8.
Bg5 h6 9. Bxf6 Qxf6 10. O-O Bg4 11. Nd5 Qd8 12. Nxb4 Nxb4 13. Qa4+ Nc6 14. d5
Bxf3 15. gxf3 Qf6 16. dxc6 b5 17. Qxb5 O-O 18. Qf5 Qd4 19. Bd5 Kh8 20. Rad1
Qxb2 21. Rb1 Qa3 22. Rb7 Rae8 23. f4 Qf3 24. Rfb1 Qd3 25. Kg2 Qc2 26. R1b2 Qc3
27. R2b3 Qd4 28. R3b4 Qc3 29. Bxf7 Rd8 30. Rc4 Qd3 31. Qd5 Qe2 32. h3 Qxa2 33.
Rxc7 a5 34. Ra7 Qb2 35. Qd4 Qb1 36. Rd7 Rb8 37. c7 Rbc8 38. Be6 1-0

[Event "Gibraltar ChallWk2 9th"]
[Site "Gibraltar"]
[Date "2011.01.30"]
[Round "2.28"]
[White "Knudsen, Jes West"]
[Black "Hegvik, Leif Trygve"]
[Result "0-1"]
[WhiteElo "2000"]
[BlackElo "1814"]
[PlyCount "54"]
[EventDate "2011.01.29"]
[EventType "swiss"]
[EventRounds "5"]
[EventCountry "GGB"]
[SourceTitle "BritBase"]
[Source "www.saund.co.uk"]
[SourceDate "2018.02.10"]
[SourceVersion "1"]
[SourceVersionDate "2018.02.10"]
[SourceQuality "1"]

1. e4 e5 2. Bc4 Nf6 3. Nc3 Bc5 4. f4 d6 5. Nf3 Nc6 6. d3 a6 7. f5 h6 8. g3 Nd4
9. Nxd4 Bxd4 10. Bd2 c6 11. Qf3 b5 12. Bb3 Bb7 13. a4 d5 14. O-O-O Bxc3 15.
Bxc3 d4 16. Bd2 c5 17. Rhe1 Qc7 18. c4 bxa4 19. Bxa4+ Bc6 20. Bxc6+ Qxc6 21.
Kb1 Qb7 22. Bc1 a5 23. Qe2 a4 24. Qc2 O-O 25. h4 Rfb8 26. Rd2 a3 27. Rg2 Ng4
0-1

[Event "Gibraltar ChallWk2 9th"]
[Site "Gibraltar"]
[Date "2011.01.30"]
[Round "2.29"]
[White "Haddock, Paul"]
[Black "Sommerhalder, Eric"]
[Result "0-1"]
[WhiteElo "1757"]
[BlackElo "2000"]
[PlyCount "60"]
[EventDate "2011.01.29"]
[EventType "swiss"]
[EventRounds "5"]
[EventCountry "GGB"]
[SourceTitle "BritBase"]
[Source "www.saund.co.uk"]
[SourceDate "2018.02.10"]
[SourceVersion "1"]
[SourceVersionDate "2018.02.10"]
[SourceQuality "1"]

1. e4 c5 2. Nf3 d6 3. d4 cxd4 4. Nxd4 Nf6 5. Nc3 g6 6. f3 Bg7 7. Be3 O-O 8. Qd2
Nc6 9. g4 Be6 10. Nxe6 fxe6 11. O-O-O Ne5 12. Be2 Qa5 13. Bh6 Bxh6 14. Qxh6
Rfc8 15. Kb1 Rxc3 16. bxc3 Rc8 17. Qd2 Nexg4 18. c4 Qb6+ 19. Ka1 Ne3 20. Rb1
Qc5 21. Rb5 Nxc2+ 22. Qxc2 Qxb5 23. Qd2 Qe5+ 24. Kb1 Rc6 25. h4 Nxe4 26. fxe4
Qxe4+ 27. Bd3 Qxh1+ 28. Kc2 Rb6 29. Kc3 Qa1+ 30. Kc2 Rb2+ 0-1

[Event "Gibraltar ChallWk2 9th"]
[Site "Gibraltar"]
[Date "2011.01.30"]
[Round "2.32"]
[White "Kelly, Paul J"]
[Black "Mathon, Dimitrij"]
[Result "1-0"]
[WhiteElo "1924"]
[BlackElo "1727"]
[PlyCount "77"]
[EventDate "2011.01.29"]
[EventType "swiss"]
[EventRounds "5"]
[EventCountry "GGB"]
[SourceTitle "BritBase"]
[Source "www.saund.co.uk"]
[SourceDate "2018.02.10"]
[SourceVersion "1"]
[SourceVersionDate "2018.02.10"]
[SourceQuality "1"]

1. d4 g6 2. e4 d6 3. c4 Bg7 4. Nc3 Nf6 5. f3 Nbd7 6. Nge2 e5 7. d5 Nb6 8. Ng3
h5 9. Be2 h4 10. Nf1 Nh5 11. Be3 Nf4 12. Kf2 Nxe2 13. Qxe2 Bh6 14. Bxh6 Rxh6
15. Nd2 Nd7 16. Qe3 g5 17. h3 b6 18. b4 Qf6 19. Ne2 Nf8 20. Rhc1 g4 21. hxg4
Bxg4 22. c5 Bd7 23. cxd6 cxd6 24. a4 h3 25. g3 h2 26. Kg2 h1=Q+ 27. Rxh1 Rxh1
28. Kxh1 Qh8+ 29. Kg1 f5 30. Qg5 Qh7 31. Nc4 Qe7 32. Qh6 O-O-O 33. Qxd6 Qxd6
34. Nxd6+ Kb8 35. Nxf5 Bxf5 36. exf5 Rxd5 37. Kf2 Kc7 38. Ke3 Nd7 39. Nc3 1-0

[Event "Gibraltar ChallWk2 9th"]
[Site "Gibraltar"]
[Date "2011.01.30"]
[Round "2.33"]
[White "Savage, Neil"]
[Black "Dennis, Nigel W"]
[Result "0-1"]
[WhiteElo "1682"]
[BlackElo "1935"]
[PlyCount "56"]
[EventDate "2011.01.29"]
[EventType "swiss"]
[EventRounds "5"]
[EventCountry "GGB"]
[SourceTitle "BritBase"]
[Source "www.saund.co.uk"]
[SourceDate "2018.02.10"]
[SourceVersion "1"]
[SourceVersionDate "2018.02.10"]
[SourceQuality "1"]

1. e4 c5 2. Nc3 g6 3. f4 Bg7 4. Nf3 d6 5. Bc4 Nc6 6. d3 a6 7. O-O b5 8. Bd5 Bb7
9. Qe1 e6 10. Bxc6+ Bxc6 11. a3 Ne7 12. Kh1 O-O 13. Nh4 d5 14. f5 Nc8 15. fxe6
fxe6 16. Rxf8+ Qxf8 17. exd5 Bxd5 18. Nxd5 exd5 19. c3 Nb6 20. Bg5 Re8 21. Qd2
d4 22. Nf3 dxc3 23. bxc3 Qd6 24. Be3 Nd5 25. Bf2 Bxc3 26. Qc1 Bxa1 27. Qxa1 Ne3
28. Qc1 Qxd3 0-1

[Event "Gibraltar ChallWk2 9th"]
[Site "Gibraltar"]
[Date "2011.01.31"]
[Round "3.1"]
[White "Carlsten, Peter"]
[Black "Henriksson, Johan"]
[Result "0-1"]
[WhiteElo "2110"]
[BlackElo "2243"]
[PlyCount "58"]
[EventDate "2011.01.29"]
[EventType "swiss"]
[EventRounds "5"]
[EventCountry "GGB"]
[SourceTitle "BritBase"]
[Source "www.saund.co.uk"]
[SourceDate "2018.02.10"]
[SourceVersion "1"]
[SourceVersionDate "2018.02.10"]
[SourceQuality "1"]

1. f4 Nf6 2. e3 g6 3. Nf3 Bg7 4. Be2 d6 5. O-O O-O 6. c4 Nbd7 7. Nc3 c6 8. d4
e5 9. fxe5 dxe5 10. Kh1 e4 11. Ng5 Re8 12. Qc2 Qe7 13. Bd2 h6 14. Nh3 Nf8 15.
Nf2 g5 16. b4 g4 17. Be1 Ng6 18. Kg1 h5 19. Nh1 h4 20. g3 Nh7 21. gxh4 f5 22.
Bd1 Nxh4 23. Bxh4 Qxh4 24. Qf2 Qxf2+ 25. Kxf2 a5 26. b5 c5 27. Ne2 cxd4 28.
exd4 f4 29. Rc1 f3 0-1

[Event "Gibraltar ChallWk2 9th"]
[Site "Gibraltar"]
[Date "2011.01.31"]
[Round "3.2"]
[White "Spence, David J"]
[Black "Tari, Aryan"]
[Result "1-0"]
[WhiteElo "2231"]
[BlackElo "2097"]
[PlyCount "41"]
[EventDate "2011.01.29"]
[EventType "swiss"]
[EventRounds "5"]
[EventCountry "GGB"]
[SourceTitle "BritBase"]
[Source "www.saund.co.uk"]
[SourceDate "2018.02.10"]
[SourceVersion "1"]
[SourceVersionDate "2018.02.10"]
[SourceQuality "1"]

1. e4 c5 2. c3 d5 3. exd5 Qxd5 4. d4 Nf6 5. Nf3 e6 6. Be3 cxd4 7. cxd4 Nc6 8.
Nc3 Qd6 9. a3 Be7 10. Bd3 O-O 11. O-O b6 12. Qe2 Bb7 13. Rad1 Rac8 14. Rfe1
Rfd8 15. Bg5 Nd5 16. Nxd5 Qxd5 17. Be4 Qd6 18. d5 Nb8 19. dxe6 Qxe6 20. Rxd8+
Rxd8 21. Bxe7 1-0

[Event "Gibraltar ChallWk2 9th"]
[Site "Gibraltar"]
[Date "2011.01.31"]
[Round "3.3"]
[White "Dasaolu, Adeoye"]
[Black "Jaunooby, Ali R"]
[Result "1-0"]
[WhiteElo "2107"]
[BlackElo "2207"]
[PlyCount "55"]
[EventDate "2011.01.29"]
[EventType "swiss"]
[EventRounds "5"]
[EventCountry "GGB"]
[SourceTitle "BritBase"]
[Source "www.saund.co.uk"]
[SourceDate "2018.02.10"]
[SourceVersion "1"]
[SourceVersionDate "2018.02.10"]
[SourceQuality "1"]

1. e4 g6 2. d4 Bg7 3. Nc3 d6 4. g3 Nc6 5. d5 Nd4 6. Be3 c5 7. dxc6 Nxc6 8. Bg2
h5 9. h3 Be6 10. Nge2 Qd7 11. Qd2 Ne5 12. b3 h4 13. f4 Nc6 14. g4 f5 15. exf5
gxf5 16. g5 Bf7 17. O-O-O Nb4 18. Bd4 e5 19. Bxe5 Bh5 20. Bxg7 Qxg7 21. Qd4 Rh7
22. Qxb4 Rc8 23. Rhe1 Ne7 24. Kb1 Nc6 25. Qxd6 Ne7 26. Bxb7 Rxc3 27. Nxc3 Qxc3
28. Qd8+ 1-0

[Event "Gibraltar ChallWk2 9th"]
[Site "Gibraltar"]
[Date "2011.01.31"]
[Round "3.5"]
[White "Haga, Halvor"]
[Black "Severijnen, Arjon"]
[Result "1-0"]
[WhiteElo "2024"]
[BlackElo "2152"]
[PlyCount "97"]
[EventDate "2011.01.29"]
[EventType "swiss"]
[EventRounds "5"]
[EventCountry "GGB"]
[SourceTitle "BritBase"]
[Source "www.saund.co.uk"]
[SourceDate "2018.02.10"]
[SourceVersion "1"]
[SourceVersionDate "2018.02.10"]
[SourceQuality "1"]

1. e4 c5 2. Nf3 Nc6 3. g3 g6 4. Bg2 Bg7 5. O-O d6 6. c3 Nf6 7. d3 O-O 8. Re1 e5
9. a3 b6 10. Nbd2 Qc7 11. b4 a6 12. Nc4 Bb7 13. Ra2 Rad8 14. Ne3 d5 15. exd5
Nxd5 16. Nxd5 Rxd5 17. bxc5 bxc5 18. Ng5 Rd7 19. Qe2 Rfd8 20. Ne4 Ne7 21. Bg5
Bxe4 22. dxe4 Rd6 23. Qc4 Bf8 24. Be3 Nc8 25. Rb2 Nb6 26. Qxa6 Ra8 27. Qb5 Na4
28. Rc2 Ra5 29. Qe2 c4 30. Bf1 Rd3 31. Rd1 Qd6 32. Rxd3 cxd3 33. Qxd3 Qxa3 34.
Qd8 Nxc3 35. Bh6 Ra8 36. Bxf8 Qa4 37. Qd3 Nxe4 38. Bh6 Nf6 39. Qc4 Qd7 40. h3
Re8 41. Qc7 Qf5 42. Bb5 Ra8 43. Qc6 Rd8 44. Kg2 e4 45. Be2 g5 46. Rc5 Nd5 47.
Bg4 Ne3+ 48. Kg1 Qg6 49. Qxg6+ 1-0

[Event "Gibraltar ChallWk2 9th"]
[Site "Gibraltar"]
[Date "2011.01.31"]
[Round "3.6"]
[White "Siegmund, Rainer"]
[Black "Zygouris, Hristos"]
[Result "0-1"]
[WhiteElo "2133"]
[BlackElo "2215"]
[PlyCount "78"]
[EventDate "2011.01.29"]
[EventType "swiss"]
[EventRounds "5"]
[EventCountry "GGB"]
[SourceTitle "BritBase"]
[Source "www.saund.co.uk"]
[SourceDate "2018.02.10"]
[SourceVersion "1"]
[SourceVersionDate "2018.02.10"]
[SourceQuality "1"]

1. d4 f5 2. g3 Nf6 3. Bg2 g6 4. c4 Bg7 5. Nc3 d6 6. d5 Na6 7. Nh3 Nc5 8. Nf4 e5
9. dxe6 c6 10. O-O O-O 11. Re1 Nxe6 12. Nxe6 Bxe6 13. Bf4 Bxc4 14. Bxd6 Re8 15.
e3 Qa5 16. Qc2 Rad8 17. Red1 Bf7 18. Rd2 Ng4 19. Rad1 Ne5 20. b4 Qa6 21. Bc5
Rxd2 22. Rxd2 b6 23. Bd4 Qc4 24. a3 c5 25. bxc5 bxc5 26. Bxe5 Bxe5 27. Nd5 Qxc2
28. Rxc2 Rb8 29. Rxc5 Rb1+ 30. Bf1 Bd6 31. Ra5 Rd1 32. Nc3 Rc1 33. Ne2 Ra1 34.
Rxa7 Bc4 35. Kg2 Re1 36. Rd7 Bxa3 37. Rd2 Bb5 38. f3 Bc6 39. Kf2 Ra1 0-1

[Event "Gibraltar ChallWk2 9th"]
[Site "Gibraltar"]
[Date "2011.01.31"]
[Round "3.7"]
[White "Vea, Odin Blikra"]
[Black "Navarrete Espi, Samuel"]
[Result "1-0"]
[WhiteElo "2214"]
[BlackElo "2095"]
[PlyCount "53"]
[EventDate "2011.01.29"]
[EventType "swiss"]
[EventRounds "5"]
[EventCountry "GGB"]
[SourceTitle "BritBase"]
[Source "www.saund.co.uk"]
[SourceDate "2018.02.10"]
[SourceVersion "1"]
[SourceVersionDate "2018.02.10"]
[SourceQuality "1"]

1. e4 e5 2. Nf3 Nc6 3. Bb5 f5 4. d4 fxe4 5. Nxe5 Nxe5 6. dxe5 c6 7. Be2 Qa5+ 8.
Bd2 Qxe5 9. Bh5+ Kd8 10. O-O Nf6 11. Be2 d5 12. Bc3 Qg5 13. Re1 Bd6 14. Nd2 Bh3
15. Bf1 Bxh2+ 16. Kxh2 Ng4+ 17. Kg1 Qf4 18. Nf3 exf3 19. g3 Qh6 20. Qxf3 Qh5
21. Re5 Qh6 22. Rxd5+ cxd5 23. Qxd5+ Kc7 24. Bxh3 Qd6 25. Qc4+ Qc6 26. Qxg4
Rhe8 27. Qxg7+ 1-0

[Event "Gibraltar ChallWk2 9th"]
[Site "Gibraltar"]
[Date "2011.01.31"]
[Round "3.8"]
[White "Heppell, Ian N"]
[Black "Urbina Perez, Juan Antonio"]
[Result "1-0"]
[WhiteElo "2122"]
[BlackElo "2189"]
[PlyCount "102"]
[EventDate "2011.01.29"]
[EventType "swiss"]
[EventRounds "5"]
[EventCountry "GGB"]
[SourceTitle "BritBase"]
[Source "www.saund.co.uk"]
[SourceDate "2018.02.10"]
[SourceVersion "1"]
[SourceVersionDate "2018.02.10"]
[SourceQuality "1"]

1. e4 e6 2. d4 d5 3. Nc3 Nf6 4. e5 Nfd7 5. f4 c5 6. Nf3 Nc6 7. Be3 a6 8. Qd2 b5
9. g3 Qb6 10. Bg2 cxd4 11. Nxd4 Bc5 12. Nce2 O-O 13. O-O a5 14. Bf2 Ba6 15.
Nxc6 Qxc6 16. Nd4 Qb6 17. Rfd1 b4 18. Nb3 Bxf2+ 19. Qxf2 Rfc8 20. Rd2 Bc4 21.
Nd4 Nb8 22. b3 Bb5 23. a4 Ba6 24. f5 Bb7 25. Rf1 Nc6 26. fxe6 fxe6 27. Nxe6
Qxf2+ 28. Rfxf2 Nxe5 29. Bxd5 Bxd5 30. Rxd5 Ng4 31. Rfd2 Ne3 32. Rd7 Ra6 33.
Rxg7+ Kh8 34. Rc7 Re8 35. Nf4 Ng4 36. h3 Ne5 37. Kf2 Rf8 38. Rd5 Rc6 39. Rxc6
Nxc6 40. Rc5 Nd4 41. Ke3 Nf5+ 42. Kf3 Kg8 43. Kg4 Ne3+ 44. Kg5 Nf1 45. Rxa5
Nxg3 46. Kg4 Nf1 47. Nd5 Rd8 48. Kf3 Kf7 49. Nxb4 Rd4 50. Nd3 Rh4 51. Kf2 Nd2
1-0

[Event "Gibraltar ChallWk2 9th"]
[Site "Gibraltar"]
[Date "2011.01.31"]
[Round "3.9"]
[White "Seyfried, Claus"]
[Black "Pendlebury, Ian G"]
[Result "1/2-1/2"]
[WhiteElo "2173"]
[BlackElo "2080"]
[PlyCount "33"]
[EventDate "2011.01.29"]
[EventType "swiss"]
[EventRounds "5"]
[EventCountry "GGB"]
[SourceTitle "BritBase"]
[Source "www.saund.co.uk"]
[SourceDate "2018.02.10"]
[SourceVersion "1"]
[SourceVersionDate "2018.02.10"]
[SourceQuality "1"]

1. e4 c6 2. d4 d5 3. exd5 cxd5 4. c4 Nf6 5. Nc3 g6 6. cxd5 Bg7 7. Bc4 O-O 8.
Nf3 a6 9. a4 Nbd7 10. O-O Nb6 11. Bb3 Nbxd5 12. Ne5 Be6 13. Qf3 Qd6 14. Bg5
Nxc3 15. Bxe6 Ne2+ 16. Qxe2 Qxe6 17. Rfe1 1/2-1/2

[Event "Gibraltar ChallWk2 9th"]
[Site "Gibraltar"]
[Date "2011.01.31"]
[Round "3.10"]
[White "Daoudi, Kamal"]
[Black "Georgieva, Emilia"]
[Result "1-0"]
[WhiteElo "2155"]
[BlackElo "1907"]
[PlyCount "65"]
[EventDate "2011.01.29"]
[EventType "swiss"]
[EventRounds "5"]
[EventCountry "GGB"]
[SourceTitle "BritBase"]
[Source "www.saund.co.uk"]
[SourceDate "2018.02.10"]
[SourceVersion "1"]
[SourceVersionDate "2018.02.10"]
[SourceQuality "1"]

1. e4 c6 2. d4 d5 3. Nc3 dxe4 4. Nxe4 Bf5 5. Ng3 Bg6 6. Bc4 e6 7. N1e2 h6 8.
Nf4 Bh7 9. O-O Nf6 10. Re1 Be7 11. Bxe6 O-O 12. Bb3 a5 13. a3 b5 14. h4 a4 15.
Ba2 Ra7 16. h5 Nd5 17. c3 Rd7 18. Qg4 Na6 19. Nxd5 cxd5 20. Bxh6 Bf6 21. Bf4
Re8 22. Nf5 g6 23. Be5 Bxe5 24. dxe5 Re6 25. Nd4 Rb6 26. e6 Re7 27. Qg5 f6 28.
Qxf6 gxh5 29. Re5 Qf8 30. Rg5+ Rg7 31. Rxg7+ Qxg7 32. Qd8+ Qf8 33. e7 1-0

[Event "Gibraltar ChallWk2 9th"]
[Site "Gibraltar"]
[Date "2011.01.31"]
[Round "3.11"]
[White "Kandic, Milan"]
[Black "Hamer, Martyn"]
[Result "1/2-1/2"]
[WhiteElo "2143"]
[BlackElo "2041"]
[PlyCount "43"]
[EventDate "2011.01.29"]
[EventType "swiss"]
[EventRounds "5"]
[EventCountry "GGB"]
[SourceTitle "BritBase"]
[Source "www.saund.co.uk"]
[SourceDate "2018.02.10"]
[SourceVersion "1"]
[SourceVersionDate "2018.02.10"]
[SourceQuality "1"]

1. e4 e5 2. Nf3 Nf6 3. Nc3 Nc6 4. Bc4 Nxe4 5. Nxe4 d5 6. Bxd5 Qxd5 7. Nc3 Qd8
8. Qe2 Bd6 9. d4 O-O 10. dxe5 Nxe5 11. Nxe5 Bxe5 12. O-O Re8 13. Qh5 Bxc3 14.
bxc3 Qf6 15. Qc5 Qb6 16. Be3 Qxc5 17. Bxc5 Bf5 18. Rfe1 b6 19. Rxe8+ Rxe8 20.
Be3 Bxc2 21. Rc1 Bf5 22. Rd1 1/2-1/2